000 00427nam a2200181Ia 4500
001 14829
005 20260306164943.0
008 260306t2000||||xx |||||||||||||| ||spa||
041 _aESP
082 _a519.4
_bM28
100 _aMathews, John H.
_eAUT
245 0 _aMétodos numéricos con matlab
260 _c2000
300 _ax, 721 páginas :
_c24 cm.
650 _aGEN
654 _aCMA
942 _cLIB
_dJUS
_fJUS
_2ddc
_n
999 _c14829
_d14829